Sociálne aspekty spravodlivosti zdanenia diplomová práca

Salvato in:
Dettagli Bibliografici
Autore principale: Laco, Stanislav
Ente Autore: Národohospodárska fakulta EU. Katedra financií
Altri autori: Zubaľová, Alena, 1959-
Natura: Libro
Lingua:slovacco
Pubblicazione: Bratislava 2009
Tags: Aggiungi Tag
Nessun Tag, puoi essere il primo ad aggiungerne!!

MARC

LEADER 00000nam$a2200000$$$4500
001 0096717
005 20240318141515.6
041 0 |a slo 
044 |a SK 
245 1 0 |a Sociálne aspekty spravodlivosti zdanenia  |b diplomová práca  |c Stanislav Laco ; škol. Alena Zubaľová 
264 1 |a Bratislava  |c 2009 
300 |a 66 s. 
100 1 |a Laco, Stanislav 
700 1 |a Zubaľová, Alena, 1959- 
710 2 |a Národohospodárska fakulta EU. Katedra financií